00427nam a22001457a 4500008004100000040005500041080001700096245004000113260002800153300001500181650001400196653002200210653002300232700002600255230328b |||||||| |||| 00| 0 eng d aNational Science LibrarycNational Science Library a91(540) bN1 aEmerging trends in Indian geography aJaipur: bRawat, c1991 axii, 170p. aGeography aRural development aPhysical geography aDiddee, Jaymala (Ed.)